00642nam a2200181 450000500170000001000150001702000260003203500140005803700090007208200110008124501090009225000100020126000620021127001230027330000200039670000220041670000220043820241024105816.0 aENG-142389 c400.00a9789387002142 aEN-125921 bDBAD a025.04 aElectronics Resource Management The Modern Scenario/bEdited by Sanjay Kumar Karn and Basanta Kumar Das  aFirst bDisha International publishing HouseaUttar Pradeshc2018 a88, Bhunna Taga P. S. RabupurabGreater Noidae203209k9760316934k7080806934mdishainternatioinalpublishing@gmail.com a238p.c22cm(pb) aSanjay Kumar Karn aBasanta Kumar Das